K problému pôsobenia právnika v malom podniku

Možnosti riešenia potreby právnych služieb. Zásady činnosti právnych útvarov pred rokom 1989. Presýtený trh právnych služieb a ich nízka kvalita. Vlastný právnik v pracovnom pomere.

Salvato in:
Dettagli Bibliografici
Autore principale: Králik, Jozef
Natura: Capitolo di libro
Lingua:slovacco
Soggetti:
Tags: Aggiungi Tag
Nessun Tag, puoi essere il primo ad aggiungerne!!

MARC

LEADER 00000naa a2200000 4500
001 r048844
005 20230927071524.7
041 0 |a slo 
044 |a SK 
245 1 0 |a K problému pôsobenia právnika v malom podniku  |c Jozef Králik 
520 |a Možnosti riešenia potreby právnych služieb. Zásady činnosti právnych útvarov pred rokom 1989. Presýtený trh právnych služieb a ich nízka kvalita. Vlastný právnik v pracovnom pomere. 
610 2 0 |a služby nevýrobné 
610 2 0 |a služby pre podniky 
610 2 0 |a podnikatelia 
610 2 0 |a právo 
100 1 |a Králik, Jozef